Loading...
| History - European | 0 | 3 | 0 | 1 | 30 | 46 | 71.33 | 0 | 2 | 0.00 | 0.00 |
| Literature - British | 0 | 3 | 0 | 1 | 30 | 108 | 115.33 | 0 | 0 | 0.00 | 0.00 |
| Geography | 0 | 3 | 0 | 1 | 30 | 47 | 74.67 | 0 | 1 | 0.00 | 0.00 |
| Current Events | 0 | 3 | 0 | 1 | 30 | 23 | 68.67 | 0 | 1 | 0.00 | 0.00 |
| Religion | 0 | 2 | 0 | 0 | 20 | 42 | 50.00 | 0 | 2 | 0.00 | 0.00 |
| History - American | 0 | 2 | 0 | 0 | 20 | 49 | 62.00 | 0 | 0 | 0.00 | 0.00 |
| Mythology | 0 | 2 | 0 | 0 | 20 | 61 | 61.50 | 0 | 0 | 0.00 | 0.00 |
| History - Other | 0 | 1 | 0 | 0 | 10 | 86 | 86.00 | 0 | 0 | 0.00 | 0.00 |
| Fine Arts - Classical Music | 0 | 1 | 0 | 0 | 10 | 108 | 108.00 | 0 | 0 | 0.00 | 0.00 |
| History - World | 0 | 1 | 1 | 0 | 5 | 80 | 80.00 | 0 | 1 | 0.00 | 0.00 |